<?xml version="1.0" encoding="UTF-8"?><marc:collection xmlns:marc="http://www.loc.gov/MARC21/slim">
  <marc:record>
    <marc:leader>00000nam##2200000za#4500</marc:leader>
    <marc:controlfield tag="001">9.643021</marc:controlfield>
    <marc:controlfield tag="003">CaOODSP</marc:controlfield>
    <marc:controlfield tag="005">20210624223958</marc:controlfield>
    <marc:controlfield tag="007">cr |||||||||||</marc:controlfield>
    <marc:controlfield tag="008">150407|1996||||xxc|||||o    f|0| 0 fre|d</marc:controlfield>
    <marc:datafield tag="040" ind1=" " ind2=" ">
      <marc:subfield code="a">CaOODSP</marc:subfield>
      <marc:subfield code="b">fre</marc:subfield>
    </marc:datafield>
    <marc:datafield tag="043" ind1=" " ind2=" ">
      <marc:subfield code="a">n-cn---</marc:subfield>
    </marc:datafield>
    <marc:datafield tag="086" ind1="1" ind2=" ">
      <marc:subfield code="a">F2-97/1996F-PDF</marc:subfield>
    </marc:datafield>
    <marc:datafield tag="110" ind1="1" ind2=" ">
      <marc:subfield code="a">Canada. </marc:subfield>
      <marc:subfield code="b">Ministère des finances.</marc:subfield>
    </marc:datafield>
    <marc:datafield tag="245" ind1="1" ind2="0">
      <marc:subfield code="a">Notes explicatives sur les mesures législatives concernant l'impôt sur le revenu / </marc:subfield>
      <marc:subfield code="h">[ressource électronique]</marc:subfield>
      <marc:subfield code="c">publiées par le ministre des Finances l'honorable Paul Martin, c.p., député. </marc:subfield>
    </marc:datafield>
    <marc:datafield tag="260" ind1=" " ind2=" ">
      <marc:subfield code="a">Ottawa - Ontario : </marc:subfield>
      <marc:subfield code="b">Finances Canada </marc:subfield>
      <marc:subfield code="c">Décembre 1996.</marc:subfield>
    </marc:datafield>
    <marc:datafield tag="300" ind1=" " ind2=" ">
      <marc:subfield code="a">269p.</marc:subfield>
    </marc:datafield>
    <marc:datafield tag="500" ind1=" " ind2=" ">
      <marc:subfield code="a">« Le projet de loi qui fait l'objet des présentes notes renferme des modifications à la Loi de l'impôt sur le revenu, aux Règles concernant l'application de l'impôt sur le revenu, au Régime de pensions du Canada, à la Loi sur les sociétés par actions, à la Loi sur la taxe d'accise, à la Loi sur l'assurance-chômage et à certaines lois connexes. Ces notes donnent une explication détaillée de chacune des modifications à l'intention des parlementaires, des contribuables et leurs conseillers professionnels. »--Avant-propos, p.5 de 269.</marc:subfield>
    </marc:datafield>
    <marc:datafield tag="500" ind1=" " ind2=" ">
      <marc:subfield code="a">Le n° de catalogue (F2-97/1996F) et l'ISBN (0-660-95420-6) de l'édition imprimée ont été incorrectement copiés dans l'édition électronique.</marc:subfield>
    </marc:datafield>
    <marc:datafield tag="520" ind1="3" ind2=" ">
      <marc:subfield code="a">« Le projet de loi qui fait l'objet des présentes notes renferme des modifications à la Loi de l'impôt sur le revenu, aux Règles concernant l'application de l'impôt sur le revenu, au Régime de pensions du Canada, à la Loi sur les sociétés par actions, à la Loi sur la taxe d'accise, à la Loi sur l'assurance-chômage et à certaines lois connexes. Ces notes donnent une explication détaillée de chacune des modifications à l'intention des parlementaires, des contribuables et leurs conseillers professionnels. »--Avant-propos, p.5 de 269.</marc:subfield>
    </marc:datafield>
    <marc:datafield tag="590" ind1=" " ind2=" ">
      <marc:subfield code="a">14-06-Supp</marc:subfield>
      <marc:subfield code="b">2014-03-21</marc:subfield>
    </marc:datafield>
    <marc:datafield tag="691" ind1="0" ind2="7">
      <marc:subfield code="a">Impôt sur le revenu</marc:subfield>
      <marc:subfield code="2">gcpds</marc:subfield>
    </marc:datafield>
    <marc:datafield tag="691" ind1="0" ind2="7">
      <marc:subfield code="a">Législation</marc:subfield>
      <marc:subfield code="2">gcpds</marc:subfield>
    </marc:datafield>
    <marc:datafield tag="775" ind1="0" ind2="8">
      <marc:subfield code="t">Explanatory notes to legislation relating to income tax / </marc:subfield>
      <marc:subfield code="w">(CaOODSP)9.699032</marc:subfield>
    </marc:datafield>
    <marc:datafield tag="856" ind1="4" ind2="0">
      <marc:subfield code="a">http://publications.gc.ca</marc:subfield>
      <marc:subfield code="q">PDF</marc:subfield>
      <marc:subfield code="s">557 Ko</marc:subfield>
      <marc:subfield code="u">https://publications.gc.ca/collections/Collection-R/Finance/Budget96/96eni1-f.pdf</marc:subfield>
    </marc:datafield>
  </marc:record>
</marc:collection>
